Ethnology of the Ungava District, Hudson Bay Territory : (Record no. 268912)
[ view plain ]
| 000 -LEADER | |
|---|---|
| fixed length control field | 00795cam a22002173a 4500 |
| 001 - CONTROL NUMBER | |
| control field | 39659 |
| 003 - CONTROL NUMBER IDENTIFIER | |
| control field | PGUSA |
| 005 - DATE AND TIME OF LATEST TRANSACTION | |
| control field | 20140828083900.0 |
| 008 - FIXED-LENGTH DATA ELEMENTS--GENERAL INFORMATION | |
| fixed length control field | 120509s2012||||xxu|||||s|||||000 | eng d |
| 040 ## - CATALOGING SOURCE | |
| Original cataloging agency | PGUSA |
| Language of cataloging | eng |
| 042 ## - AUTHENTICATION CODE | |
| Authentication code | dc |
| 100 1# - MAIN ENTRY--PERSONAL NAME | |
| Personal name | Turner, Lucien |
| 245 10 - TITLE STATEMENT | |
| Title | Ethnology of the Ungava District, Hudson Bay Territory : |
| Remainder of title | Eleventh Annual Report of the Bureau of Ethnology to the Secretary of the Smithsonian Institution, 1889-1890, Government Printing Office, Washington, 1894, pages 159-350 |
| Medium | [electronic resource] / |
| Statement of responsibility, etc | Lucien Turner |
| 260 ## - PUBLICATION, DISTRIBUTION, ETC. (IMPRINT) | |
| Name of publisher, distributor, etc | Project Gutenberg, |
| Date of publication, distribution, etc | 2012 |
| 506 ## - RESTRICTIONS ON ACCESS NOTE | |
| Terms governing access | Public domain in the USA. |
| 516 ## - TYPE OF COMPUTER FILE OR DATA NOTE | |
| Type of computer file or data note | Electronic text |
| 700 1# - ADDED ENTRY--PERSONAL NAME | |
| Personal name | Murdoch, John |
| 830 #0 - SERIES ADDED ENTRY--UNIFORM TITLE | |
| Uniform title | Project Gutenberg |
| Volume number/sequential designation | 39659 |
| 856 40 - ELECTRONIC LOCATION AND ACCESS | |
| Uniform Resource Identifier | <a href="http://www.gutenberg.org/ebooks/39659">http://www.gutenberg.org/ebooks/39659</a> |
| 942 ## - ADDED ENTRY ELEMENTS (KOHA) | |
| Koha item type | eBooks |
| Withdrawn status | Lost status | Damaged status | Home library | Current library | Date acquired | Total Checkouts | Date last seen | Price effective from | Koha item type |
|---|---|---|---|---|---|---|---|---|---|
| Project Gutenberg | Project Gutenberg | 08/28/2014 | 08/28/2014 | 08/28/2014 | eBooks |